Open Data Biblioteca Nacional de Portugal


República Portuguesa: Ministério da Cultura
Biblioteca Nacional de Portugal

Catálogo da BNP: acesso por Identificadores Unívocos
Registos Bibliográficos associados ao registo de autoridade

Etiqueta de registo: 00492cas 2200193 450
001 1158067
003 http://id.bnportugal.gov.pt/bib/catbnp/1158067
011 ## $a0873-2078$f0873-2078
021 ## $aPT$b324343/11
100 ## $a09072003a19429999m y0pory0103 ba
101 0# $apor
102 ## $aPT
106 ## $ar
110 ## $aahazz 0uy0
200 1# $aSaúde e lar$erevista trimestral ilustrada$fdir. A. Dias Gomes
207 #0 $aA. 1, nº 1 (Jan. 1942)-
210 #9 $aLisboa$cErnesto Ferreira$d1942-
215 ## $d26 cm
326 ## $aTrimestral
530 1# $aSaúde & lar
620 ## $dLisboa
702 #1 $aGomes,$bAntónio Dias$4300$3163027
702 #1 $aNeves,$bCláudia$4300$31476734
801 #0 $aPT$bBN$gRPC
802 ## $a18
966 ## $lBN$mFGJOR$sJ. 5346 B.

OpendataBNP@bnportugal.pt | Mais informação sobre acesso aos dados BNP